000 01154nam a2200289Ia 4500
001 ebr10194402
003 CaPaEBR
006 m u
007 cr cn|||||||||
008 921118t19671955mnuab sb 001 0 eng d
020 _z9780816604487
040 _aCaPaEBR
_cCaPaEBR
035 _a(OCoLC)505077996
050 1 4 _aQL698
_b.H65 1967eb
100 1 _aHochbaum, H. Albert
_q(Hans Albert),
_d1911-1988.
245 1 0 _aTravels and traditions of waterfowl
_h[electronic resource] /
_cH. Albert Hochbaum.
260 _aMinneapolis :
_bUniversity of Minnesota Press,
_c1967, c1955.
300 _ax, 301 p. :
_bill., maps.
490 0 _aMinnesota paperbacks ;
_vno. 8
504 _aIncludes bibliography and indexes.
533 _aElectronic reproduction.
_bPalo Alto, Calif. :
_cebrary,
_d2013.
_nAvailable via World Wide Web.
_nAccess may be limited to ebrary affiliated libraries.
650 0 _aWater birds.
650 0 _aBirds
_xMigration.
655 7 _aElectronic books.
_2local
710 2 _aebrary, Inc.
856 4 0 _uhttp://site.ebrary.com/lib/rucke/Doc?id=10194402
_zAn electronic book accessible through the World Wide Web; click to view
999 _c221636
_d221636